000
00228nam a22000857a 4500
008
160827b xxu||||| |||| 00| 0 eng d
100
_9
257
_a
Shamsi, K.N., et al
245
_a
Computers Update - 5
260
_a
new delhi
_b
Cordova
_c
2006
999
_c
2914
_d
2914